Normal view
MARC view
Entry Personal Name
001 - CONTROL NUMBER
- control field: 582183
003 - CONTROL NUMBER IDENTIFIER
- control field: OSt
005 - DATE AND TIME OF LATEST TRANSACTION
- control field: 20221005025825.0
008 - FIXED-LENGTH DATA ELEMENTS
- fixed length control field: 221005|| aca||aabn | a|a d
040 ## - CATALOGING SOURCE
- Original cataloging agency: OSt
- Transcribing agency: OSt
100 ## - HEADING--PERSONAL NAME
- Personal name: Giblin Les
670 ## - SOURCE DATA FOUND
- Source citation: Work cat.: (OSt)935301: Giblin Les, How to have confidence and power in dealing with people, 1956
